|
|
|
|
| LEADER |
00000cam a2200000 7i4500 |
| 001 |
0000002268 |
| 005 |
20240925.0 |
| 008 |
991128 my may |
| 020 |
|
|
|a 9679933032
|
| 040 |
|
|
|a INS
|b eng
|e rda
|
| 090 |
0 |
0 |
|a BP173.6
|b .K233 1990
|
| 245 |
0 |
0 |
|a Kecemerlangan pentadbiran :
|b Dasar dan amalan dalam Islam
|c diselenggarakan oleh Shafie Hj. Mohd. Salleh & Mohd. Affandi Hassan
|
| 264 |
|
1 |
|a Kuala Lumpur :
|b Intan
|c 1990
|
| 264 |
|
4 |
|c ©1990
|
| 300 |
|
|
|a xii, 212 pages ;
|c 25 cm.
|
| 336 |
|
|
|a text
|2 rdacontent
|
| 337 |
|
|
|a unmediated
|2 rdamedia
|
| 338 |
|
|
|a volume
|2 rdacarrier
|
| 650 |
|
0 |
|a Administrative agencies
|x Religious aspects
|
| 650 |
|
0 |
|a Civil services
|x Malysia
|y Labor productivity
|
| 650 |
|
0 |
|a Public administratives
|x Religious aspects
|
| 700 |
0 |
|
|a Mohd. Affandi Hassan ,
|e editor
|
| 700 |
0 |
|
|a Shafie Hj. Mohd. Salleh ,
|e editor
|
| 999 |
|
|
|a 0000003835
|b BOOK
|c Open Shelf
|e Default branch
|
| 999 |
|
|
|a 0000003836
|b BOOK
|c Open Shelf
|e Default branch
|
| 999 |
|
|
|a 0000004102
|b BOOK
|c Open Shelf
|e Default branch
|
| 999 |
|
|
|a 0000005350
|b BOOK
|c Open Shelf
|e Default branch
|
| 999 |
|
|
|a 0000018684
|b BOOK
|c Open Shelf
|e Default branch
|
| 999 |
|
|
|a 0000018685
|b BOOK
|c Open Shelf
|e Default branch
|
| 999 |
|
|
|a 0000018686
|b BOOK
|c Open Shelf
|e Default branch
|
| 999 |
|
|
|a 0000018687
|b BOOK
|c Open Shelf
|e Default branch
|
| 999 |
|
|
|a 0000023953
|b BOOK
|c Open Shelf
|e Default branch
|